MARC Record
Leader
003
BE-GnUNI
007
't'u
035
a| (MSK)310002044
084
a| I.KORNER H.1
245
0
0
a| Henriette Korner :
b| Sculpteur - céramiste - peintre.
546
a| Frans
500
a| Monografie
600
1
7
a| Korner, Henriette.
2| z
852
4
b| MSK
c| MSK
j| I.KORNER H.1
920
a| boek
001
000002038
005
20241224121559.0